000 00778nam a2200265 a 4500
003 AR-BaBNM
005 20251128205212.0
008 082120s2002 ||||||||||||||000 | spa||
040 _cAR-BaBNM
100 1 _aGüiraldes, Ricardo
245 0 0 _aCuentos de muerte y de sangre seguidos de Aventuras grotescas y una Trilogía cristiana
260 _aBuenos Aires
_bLosada
_c1960
300 _a126 p.
490 0 _aNovelistas de nuestra época
500 _aContiene nómina de novelistas de nuestra época
650 4 _aLITERATURA ARGENTINA
650 4 _aNOVELAS
653 _aLITERATURA GAUCHESCA
653 _aCRIOLLOS
653 _aVANGUARDIAS LITERARIAS
655 _aLITERATURA
700 1 _aCarril, Adelina del
_eprologuista
942 _cBK
998 _cisola
999 _c10428
_d10428